Statistiche per Bandiere del mondo in bianco e nero - Quiz n°8

Clicka qui per fare il quiz!

Statistiche generali

  • Questo quiz è stato fatto 9 volte
  • Il punteggio medio è 14 su 16

Statistiche sulle risposte

Risposta% Corretto
Albania
100%
Bosnia ed Erzegovina
100%
Estonia
100%
Giamaica
100%
India
100%
Perù
100%
Portogallo
100%
Cuba
89%
Messico
89%
Slovacchia
89%
Laos
78%
Madagascar
78%
Niger
78%
Turkmenistan
78%
Zimbabwe
78%
Gambia
67%

Distribuzione punteggi

Percentile per numero di risposta

Percentuale di utenti per punteggio

I tuoi punteggi nel tempo

Non hai fatto questo quiz